000
00317nam a22001337a 4500
008
170524b xxu||||| |||| 00| 0 eng d
020
_a
0063642069
041
_a
eng
080
_2
3RD
_a
62
100
_a
26
101
_a
IM
245
_a
ELECTROMAGNETIC AND ELECTROMECHANICAL MACHINES
_c
MATSCH,L.W
942
_2
udc
_c
BK
999
_c
13961
_d
13961